រង្គា និងសត្វចម្លែកបៃតង / (Record no. 1304)

MARC details
000 -LEADER
fixed length control field 01796nam a22002897a 4500
005 - DATE AND TIME OF LATEST TRANSACTION
control field 20230814133327.0
020 ## - INTERNATIONAL STANDARD BOOK NUMBER
International Standard Book Number 9789924340799
040 ## - CATALOGING SOURCE
Original cataloging agency FISKH
Language of cataloging eng
Transcribing agency FISKH
Modifying agency FISKH
082 ## - DEWEY DECIMAL CLASSIFICATION NUMBER
Classification number 591.7
100 ## - MAIN ENTRY--PERSONAL NAME
Personal name Sodany, Ouch
245 ## - TITLE STATEMENT
Title រង្គា និងសត្វចម្លែកបៃតង /
Statement of responsibility, etc. អ៊ូច សូដានី - សួ គីមសាន
250 ## - EDITION STATEMENT
Edition statement គ្រិះ​ស្ថានបោះពុម្ពផ្សាយ Sipar មិថុនា ២០២០
260 ## - PUBLICATION, DISTRIBUTION, ETC.
Place of publication, distribution, etc. Phnom Penh :
Name of publisher, distributor, etc. Sipar,
Date of publication, distribution, etc. 2020.
300 ## - PHYSICAL DESCRIPTION
Extent 47 pages :
Other physical details color illustrations ;
Dimensions 20 cm
490 ## - SERIES STATEMENT
Series statement ខ្ញុំអានបាន
505 ## - FORMATTED CONTENTS NOTE
Formatted contents note Y<br/>
520 ## - SUMMARY, ETC.
Expansion of summary note រង្គាជាបុត្រីអធិរាជវេហា ដែលនៅលើមេឃ។ ព្រះនាងមានជំងឺប្រចាំកាយ ហើយព្រះនាងត្រូវយកបេះដូងសត្វចម្លែកបៃតងដែលនៅទិសខាងកើតឳ្យបាន។ តែព្រះនាងត្រូវចុះមកដី ហើយដំណើរផ្សងព្រេងរបស់ព្រះនាងក៏ចាប់ផ្ដើម។
520 ## - SUMMARY, ETC.
Summary, etc. Rangea is the daughter of Emperor Veha in the sky. She has a physical illness and she has to get the heart of the green monster in the east. But the princess had to come down to the ground and her adventure began.
521 ## - TARGET AUDIENCE NOTE
Target audience note 890 <br/>
Source Lexile estimate <br/>
521 ## - TARGET AUDIENCE NOTE
Target audience note Y <br/>
Source Raz-Plus <br/>
650 ## - SUBJECT ADDED ENTRY--TOPICAL TERM
Topical term or geographic name entry element Princess
Form subdivision Prince
General subdivision Dragon
Chronological subdivision Lion
650 ## - SUBJECT ADDED ENTRY--TOPICAL TERM
Topical term or geographic name entry element ព្រះនាង
Form subdivision ព្រះអង្គ
General subdivision នាគ​
Chronological subdivision តោ
700 ## - ADDED ENTRY--PERSONAL NAME
Personal name Kimsan, Suo
Titles and other words associated with a name illustrator
942 ## - ADDED ENTRY ELEMENTS (KOHA)
Source of classification or shelving scheme Dewey Decimal Classification
Koha item type Books
Suppress in OPAC No
999 ## -
-- 1304
-- 1304
Holdings
Withdrawn status Lost status Source of classification or shelving scheme Damaged status Not for loan Collection Home library Current library Shelving location Date acquired Total Checkouts Full call number Barcode Date last seen Copy number Price effective from Koha item type
    Dewey Decimal Classification     Khmer Language Books / សៀវភៅភាសាខ្មែរ Footprints International School Library Network Toul Kork Campus Footprints International School Library Network Toul Kork Campus TK Campus, Room B402, Khmer Book Case 16, Shelves 112-123 / ទូរសៀវភៅខ្មែរលេខ ១៦​ ធ្នើរ ១១២ ដល់ ១២៣ បន្ទប់ B402 សាខាទួលគោក 08/14/2023   SOD 591.7 2023-0247 08/14/2023 1 08/14/2023 Books
    Dewey Decimal Classification     Khmer Language Books / សៀវភៅភាសាខ្មែរ Footprints International School Library Network Toul Kork Campus Footprints International School Library Network Toul Kork Campus TK Campus, Room B402, Khmer Book Case 16, Shelves 112-123 / ទូរសៀវភៅខ្មែរលេខ ១៦​ ធ្នើរ ១១២ ដល់ ១២៣ បន្ទប់ B402 សាខាទួលគោក 08/14/2023   SOD 591.7 2023-0248 08/14/2023 2 08/14/2023 Books
    Dewey Decimal Classification     Khmer Language Books / សៀវភៅភាសាខ្មែរ Footprints International School Library Network Toul Tom Poung Campus Footprints International School Library Network Toul Tom Poung Campus TTP Secondary Khmer Bookshelves 04/24/2026   SOD 591.7 2026-0535 04/24/2026 3 04/24/2026 Books